| 000 | 00997pam a2200301 a 4500 | ||
|---|---|---|---|
| 001 | 1598768 | ||
| 003 | OSt | ||
| 005 | 20211215151555.0 | ||
| 008 | 941024s1995 maua b 001 0 eng | ||
| 010 | _a 94040854 | ||
| 020 | _a0201538466 | ||
| 038 | _akhadija | ||
| 040 |
_aDLC _cDLC _dDLC |
||
| 050 | 0 | 0 |
_aTS176 _b.K34 1995 |
| 082 | 0 | 0 |
_a670.42 _220 _bKAL |
| 100 | 1 |
_aKalpakjian, Serope, _d1928- _955074 |
|
| 245 | 1 | 0 |
_aManufacturing engineering and technology / _cSerope Kalpakjian. |
| 250 | _a3rd ed. | ||
| 260 |
_aReading, Mass. : _bAddison-Wesley, _cc1995. |
||
| 300 |
_axx, 1271 p. : _bill. ; _c24 cm. |
||
| 504 | _aIncludes bibliographical references and index. | ||
| 563 | _aHardcover | ||
| 650 | 0 |
_aProduction engineering. _92471 |
|
| 650 | 0 |
_aManufacturing processes. _914649 |
|
| 906 |
_a7 _bcbc _corignew _d1 _eocip _f19 _gy-gencatlg |
||
| 942 |
_2ddc _cBK |
||
| 999 |
_c31655 _d31655 |
||